00411nam a2200169Ia 4500008004100000020001800041245004900059245001600108260001500124260001600139260000900155300001500164300002500179300001000204500000800214999001900222170705s9999 xx 000 0 und d a9780545398381 aFrankie pickle and the mathematical menace / cEric Wight. aNew York : bScholastic, c2011 a85 pages : bcolor illustration ; c19cm. a600 c336214d336214